00317nam a2200121Ia 4500008004100000041000800041082001600049100002400065245003000089260003300119300003200152365001100184240624s9999 xx 000 0 und d aeng a658.401 VAD aVADAPALII RAVINDHRA aMANAGEMENT CONTROL SYSTEM c2010aNew DelhibExcel Books aviii, : 289 : p. : cm. ; 24 cRSb30